ბათუმის შოთა რუსთაველის სახელმწიფო უნივერსიტეტის ბიბლიოთეკა

თბოტექნიკისა და სამაცივრო ტექნიკის საფუძვლები (ბიბ.ჩანაწერი № 50811)

000 -LEADER
fixed length control field 00900nam a2200229Ia 4500
001 - CONTROL NUMBER
control field 17764
003 - CONTROL NUMBER IDENTIFIER
control field GE_BSU
008 - FIXED-LENGTH DATA ELEMENTS--GENERAL INFORMATION
fixed length control field 181216s||||||||xx |||||||||||||| ||und||
020 ## - INTERNATIONAL STANDARD BOOK NUMBER
International Standard Book Number 9789941456810
040 ## - CATALOGING SOURCE
Transcribing agency GE_BSU
080 ## - UNIVERSAL DECIMAL CLASSIFICATION NUMBER
Universal Decimal Classification number 621.1+629.463+664(072)
100 ## - MAIN ENTRY--PERSONAL NAME
Personal name მიქაბერიძე, მ.
245 ## - TITLE STATEMENT
Title თბოტექნიკისა და სამაცივრო ტექნიკის საფუძვლები
245 ## - TITLE STATEMENT
Statement of responsibility, etc. რედ.:ქ.კინწურაშვილი
260 ## - PUBLICATION, DISTRIBUTION, ETC.
Place of publication, distribution, etc. ქუთაისი
260 ## - PUBLICATION, DISTRIBUTION, ETC.
Name of publisher, distributor, etc. აკაკი წერეთლის სახ. უნ-ტი
260 ## - PUBLICATION, DISTRIBUTION, ETC.
Date of publication, distribution, etc. 2015
300 ## - PHYSICAL DESCRIPTION
Extent 272 გვ.ილ.ცხრ.21სმ.
300 ## - PHYSICAL DESCRIPTION
Accompanying material ბიბლ.გვ.267
653 ## - INDEX TERM--UNCONTROLLED
Uncontrolled term თბოტექნიკისა და სამაცივრო ტექნიკის საფუძვლები
942 ## - ADDED ENTRY ELEMENTS (KOHA)
Koha item type წიგნი
ეგზემპლარები
Withdrawn status Lost status Damaged status Not for loan Date acquired Barcode Date last seen Price effective from Koha item type
        2018-12-17 41609 2018-12-17 2018-12-17 წიგნი